Philippine migration journalism : (Record no. 17036)
[ view plain ]
| 000 -LEADER | |
|---|---|
| fixed length control field | 00863cam a22002657a 4500 |
| 001 - CONTROL NUMBER | |
| control field | 2615393 |
| 003 - CONTROL NUMBER IDENTIFIER | |
| control field | OSt |
| 005 - DATE AND TIME OF LATEST TRANSACTION | |
| control field | 20140310182856.0 |
| 008 - FIXED-LENGTH DATA ELEMENTS--GENERAL INFORMATION | |
| fixed length control field | 031015s2003 ph a b 000 0 eng d |
| 020 ## - INTERNATIONAL STANDARD BOOK NUMBER | |
| International Standard Book Number | 9719277408 |
| 040 ## - CATALOGING SOURCE | |
| Original cataloging agency | ANL |
| Language of cataloging | eng |
| Modifying agency | ANL |
| 043 ## - GEOGRAPHIC AREA CODE | |
| Geographic area code | a-ph--- |
| 050 ## - LIBRARY OF CONGRESS CALL NUMBER | |
| Classification number | HD 5856.P6 |
| Item number | .P538p 2003 |
| 100 ## - MAIN ENTRY--PERSONAL NAME | |
| Personal name | Sicam, Paulynn Paredes |
| 245 00 - TITLE STATEMENT | |
| Title | Philippine migration journalism : |
| Remainder of title | a practical handbook / |
| Statement of responsibility, etc | Paulynn Paredes Sicam, editor. |
| 260 ## - PUBLICATION, DISTRIBUTION, ETC. (IMPRINT) | |
| Place of publication, distribution, etc | Quezon City, Philippines : |
| Name of publisher, distributor, etc | Institute on Church and Social Issues, OFW Journalism Consortium, |
| Date of publication, distribution, etc | 2003. |
| 300 ## - PHYSICAL DESCRIPTION | |
| Extent | 199 p. : |
| Other physical details | ill. ; |
| Dimensions | 21 cm. |
| 521 ## - TARGET AUDIENCE NOTE | |
| Target audience note | |
| 650 #0 - SUBJECT ADDED ENTRY--TOPICAL TERM | |
| Topical term or geographic name as entry element | Filipinos |
| General subdivision | Employment |
| -- | Foreign countries. |
| 651 #0 - SUBJECT ADDED ENTRY--GEOGRAPHIC NAME | |
| Geographic name | Philippines |
| General subdivision | Emigration and immigration. |
| 700 1# - ADDED ENTRY--PERSONAL NAME | |
| Personal name | Sicam, Paulynn Paredes |
| 710 2# - ADDED ENTRY--CORPORATE NAME | |
| Corporate name or jurisdiction name as entry element | OFW Journalism Consortium |
| 942 ## - ADDED ENTRY ELEMENTS (KOHA) | |
| Source of classification or shelving scheme | Library of Congress Classification |
| Koha item type | Books |
| Call number prefix | Local |
| Withdrawn status | Lost status | Source of classification or shelving scheme | Damaged status | Home library | Current library | Shelving location | Date acquired | Cost, normal purchase price | Total Checkouts | Full call number | Barcode | Date last seen | Copy number | Price effective from | Koha item type |
|---|---|---|---|---|---|---|---|---|---|---|---|---|---|---|---|
| Library of Congress Classification | College Library | College Library | General Circulation Section | 11/13/2013 | 350.00 | HD 5856.P6 .P538p 2003 | C6263 | 05/15/2018 | 1 | 10/10/2013 | Books |